000
00415nam a22001337a 4500
020
_a
81-7862-549-0
082
_a
001
_b
VAS/E
100
_a
VAS, GRATIAN
245
_a
EXPERIMENT WITH WEATHER
260
_a
DELHI
_b
STERLING PRESS
300
_a
32
650
_a
GK
_z
DELHI
942
_c
BK
999
_c
6405
_d
6405